Most Populous Countries to Never Win an Olympics Medal - Statistics

General Stats
  • This quiz has been taken 144 times
  • The average score is 11 of 18
Answer Stats
Population # Country % Correct
164,689,383 9 Bangladesh
86%
89,561,403 10 D.R. Congo
83%
16,425,864 12 Chad
73%
20,250,833 13 Mali
70%
54,409,800 17 Myanmar
65%
32,866,272 9 Angola
63%
15,893,222 9 Somalia
62%
11,193,725 1 South Sudan
59%
16,718,965 9 Cambodia
57%
27,691,018 14 Madagascar
57%
29,825,964 7 Yemen
56%
29,136,808 17 Nepal
55%
13,132,795 11 Guinea
49%
11,673,021 20 Bolivia
48%
20,903,273 9 Burkina Faso
48%
12,952,218 9 Rwanda
48%
19,129,952 10 Malawi
47%
12,123,200 11 Benin
42%
No matching quizzes found
Score Distribution
Percent of People with Each Score
Percentile by Number Answered
Your Score History
You have not taken this quiz